Statistics for Hill Climb Racing 2

Click here to take the quiz!

General Stats

  • This quiz has been taken 41 times
    (22 since last reset)
  • The average score is 4 of 8

Answer Stats

QuestionAnswer% Correct
How many legendary parts?3
79%
Amount of special maps.4
79%
Who is the best adventure player?Zorro
71%
Amount of normal maps.15
57%
How many rare parts?5
36%
How many common parts?6
36%
How many epic parts?5
29%
Amount of vehicles.27
14%

Score Distribution

Percentile by Number Answered

Percent of People with Each Score

Your Score History

You have not taken this quiz since the last reset